000 01087cam a22003137a 4500
003 CHAP
005 20220329135022.0
008 971013s1980 r 00010 d
010 _a29651
011 _a30623
020 _a8431537108
035 _a34735
040 _cCHAP
082 _a636.4
_bM35
100 0 0 _aMainardi Fazio, Fausta.
_969911
245 0 _aCría rentable del cerdo
_c/por Fausta Mainardi Fazio
260 _aBarcelona :
_bDe Vecchi,
_c1980.
300 _a262 p.
_b: ilus. ; gráfs
590 _aBATCH-UPD
_b10
_c20130110
_lUCH01
_h1342
590 _aBATCH-UPD
_b10
_c20130410
_lUCH01
_h0842
590 _aBATCH-UPD
_b10
_c20130914
_lUCH01
_h1520
590 _aCONVERSION
_b10
_c20130109
_lUCH01
_h1317
650 1 4 _aGanado porcino
_xCría de.
_945350
901 _aBK
942 _cLIBRO
949 _a636.4 M35
_bBC
_cLIBRO
_d33724000114690
_eLIBRO
_gI.123872
_h63627
_i34735
_si
_t4.10
949 _a636.4 M35
_bBC
_cLIBRO
_d33724000941811
_eLIBRO
_fc.3
_gDonaciØn
_h103699
_i34735
_si
949 _a636.4 M35
_bBC
_cLIBRO
_d33724000943072
_eLIBRO
_fc.2
_gI.123873
_h63628
_i34735
_si
_t4.10
999 _c29651
_d29651